Devízová pozícia centrálnych bánk SR a ČR, vývoj devízového inkasa a kurzov. Situácia v Českej republike na devízovom fixingu sa javí ako relatívne priaznivá, v Slovenskej republike ako stabilizovaná.

Vývoj kurzu slovenskej koruny ku korune českej. Devízová pozícia ČNB a NBS podľa zverejnených bilancií. Vývoj devízového inkasa podľa situácie na devízovom fixingu.

Na minha lista:
Detalhes bibliográficos
Autor principal: Vechter, Juraj
Formato: Capítulo de Livro
Idioma:eslovaco
Assuntos:
Tags: Adicionar Tag
Sem tags, seja o primeiro a adicionar uma tag!

MARC

LEADER 00000naa a2200000 4500
001 r013709
005 20221129134028.3
041 0 |a slo 
044 |a CZ 
245 1 0 |a Devízová pozícia centrálnych bánk SR a ČR, vývoj devízového inkasa a kurzov.  |b Situácia v Českej republike na devízovom fixingu sa javí ako relatívne priaznivá, v Slovenskej republike ako stabilizovaná.  |c Juraj Vechter 
520 |a Vývoj kurzu slovenskej koruny ku korune českej. Devízová pozícia ČNB a NBS podľa zverejnených bilancií. Vývoj devízového inkasa podľa situácie na devízovom fixingu. 
610 2 0 |a banky 
610 2 0 |a Čechy 
610 2 0 |a Slovensko 
610 2 0 |a devízy 
610 2 0 |a kurz devízový 
100 1 |a Vechter, Juraj